[Event "Sunway Sitges Online Open"]
[Site "chess.com INT"]
[Date "2020.04.27"]
[Round "9.42"]
[White "Shintre, Neel"]
[Black "Piliposyan, Robert"]
[Result "1-0"]
[WhiteElo "1896"]
[BlackElo "2199"]
[WhiteFideId "35097504"]
[BlackFideId "13309978"]
[EventDate "2020.04.19"]

1. e4 c6 2. Ne2 d5 3. e5 c5 4. c3 Nc6 5. d4 Bf5 6. dxc5 Nxe5 7. Nd4 Bd7 8. Bf4
Nc6 9. Be2 Nf6 10. Nd2 e5 11. Nxc6 bxc6 12. Bxe5 Bxc5 13. O-O O-O 14. b4 Bb6 15.
Nb3 Ne4 16. Bf3 Re8 17. Bd4 Bc7 18. Re1 Bf5 19. Bxe4 dxe4 20. Qh5 Bg6 21. Qe2
Qh4 22. g3 Qh3 23. Qf1 Qf5 24. a4 Bh5 25. Nc5 Bf3 26. b5 Qd5 27. Be3 Ba5 28.
Rec1 cxb5 29. axb5 Bc7 30. c4 Qh5 31. Ra6 Rad8 32. Nb7 Rd3 33. Rxa7 Rxe3 34.
fxe3 Bb6 35. Ra3 Qg5 36. c5 Bc7 37. Nd6 Bxd6 38. cxd6 Qd5 39. Ra6 Qd2 40. Re1 h5
41. Qf2 Qb4 42. Rea1 Qxb5 43. Qd2 Bg4 44. R6a5 Qc6 45. Rc1 Qb6 46. Rd5 Rd8 47.
Qd4 Qa6 48. Rc2 Bh3 49. Rc1 Bg4 50. Rg5 g6 51. Rd5 Be6 52. Ra1 Qe2 53. Qd2 Qg4
54. Rd4 h4 55. Qg2 Bf5 56. Rad1 h3 57. Qf2 Rd7 58. Rc1 Rb7 59. Rd2 Qg5 60. Qf4
Qf6 61. Rcd1 g5 62. Qf2 Qe5 63. Rd5 Qxd5 64. Rxd5 Rb1+ 65. Qf1 Rxf1+ 66. Kxf1
Bd7 67. Rxg5+ Kf8 68. Re5 Bc6 69. Kf2 f6 70. Re7 f5 71. Rh7 Ke8 72. Rxh3 Kd7 73.
Rh6 Bd5 74. h4 Be6 75. Rxe6 Kxe6 76. h5 Kxd6 77. h6 1-0

[Event "Sunway Sitges Online Open"]
[Site "chess.com INT"]
[Date "2020.04.27"]
[Round "9.43"]
[White "Ilandzis, Spyridon"]
[Black "Garcia Pumarega, Alejandro"]
[Result "1-0"]
[WhiteElo "2106"]
[BlackElo "1871"]
[WhiteFideId "4200276"]
[BlackFideId "24571466"]
[EventDate "2020.04.19"]

1. e4 c5 2. Nf3 d6 3. d4 cxd4 4. Nxd4 Nf6 5. Nc3 Nc6 6. Bg5 e6 7. Qd2 a6 8.
O-O-O Bd7 9. f4 b5 10. Bxf6 gxf6 11. Kb1 Qb6 12. Nxc6 Bxc6 13. Bd3 O-O-O 14.
Rhf1 d5 15. exd5 Bxd5 16. Nxd5 Rxd5 17. Qc3+ Qc7 18. Qxf6 Rg8 19. f5 Bg7 20. Qh4
Rd4 21. Qxh7 Qe5 22. f6 Bxf6 23. Rxf6 1-0

[Event "Sunway Sitges Online Open"]
[Site "chess.com INT"]
[Date "2020.04.27"]
[Round "9.44"]
[White "Thrish, Karthik"]
[Black "McDermott, Peter John"]
[Result "1-0"]
[WhiteElo "2095"]
[BlackElo "1798"]
[WhiteFideId "46626433"]
[BlackFideId "7404948"]
[EventDate "2020.04.19"]

1. e4 d6 2. d4 Nf6 3. Nc3 Nbd7 4. Nf3 e5 5. Bc4 h6 6. O-O Be7 7. dxe5 dxe5 8.
Qe2 c6 9. Rd1 Qc7 10. a4 a5 11. h3 O-O 12. Nh4 Nc5 13. Ng6 Re8 14. Nxe7+ Qxe7
15. b3 Be6 16. Ba3 Nfd7 17. Rd2 Qg5 18. Bxe6 Rxe6 19. Rad1 Re7 20. Qc4 b6 21.
Rd6 Rc8 22. Ne2 Rc7 23. Ng3 Re6 24. Rxe6 Nxe6 25. Qa6 c5 26. Bc1 Qh4 27. c3 Kh7
28. Qb5 Qd8 29. Nf5 Nf4 30. Qc4 Qe8 31. Nd6 Qe6 32. Bxf4 Qxc4 33. Nxc4 exf4 34.
Rd6 Rb7 35. e5 Kg8 36. g3 fxg3 37. f4 Kf8 38. Kg2 Ke7 39. Kxg3 g5 40. Rxh6 gxf4+
41. Kxf4 Rb8 42. Ne3 f6 43. Nd5+ Ke6 44. Nxf6 Rf8 45. Ke4 1-0

[Event "Sunway Sitges Online Open"]
[Site "chess.com INT"]
[Date "2020.04.27"]
[Round "9.45"]
[White "Gokhale, Rishabh Chandrashekhar"]
[Black "Hernandez Torralba, Jose Joaquin"]
[Result "1-0"]
[WhiteElo "1852"]
[BlackElo "2088"]
[WhiteFideId "35007416"]
[BlackFideId "32030770"]
[EventDate "2020.04.19"]

1. Nf3 c5 2. b3 d6 3. Bb2 Nc6 4. g3 e5 5. d3 f5 6. Bg2 Nf6 7. O-O Be7 8. c4 O-O
9. Nc3 Kh8 10. Nd5 Re8 11. a3 Be6 12. Ne1 Bf8 13. Nc2 Nd4 14. Nxf6 Nxc2 15. Nxe8
Nxa1 16. Nxg7 Bxg7 17. Qxa1 Qd7 18. f4 Qc7 19. Bh3 Rf8 20. e4 exf4 21. Bxg7+
Qxg7 22. Qxg7+ Kxg7 23. Rxf4 Kg6 24. Kf2 h5 25. exf5+ Bxf5 26. Bxf5+ Rxf5 27.
Rxf5 Kxf5 28. Kf3 Kg5 29. h3 Kf5 30. g4+ hxg4+ 31. hxg4+ Ke5 32. Ke3 a5 33. Kf3
d5 34. Ke3 a4 35. bxa4 dxc4 36. dxc4 b6 37. a5 bxa5 38. a4 1-0

[Event "Sunway Sitges Online Open"]
[Site "chess.com INT"]
[Date "2020.04.27"]
[Round "9.46"]
[White "Love, Jindal"]
[Black "Sanchez Martinez, Andres"]
[Result "1-0"]
[WhiteElo "1747"]
[BlackElo "2080"]
[WhiteFideId "35067877"]
[BlackFideId "2266458"]
[EventDate "2020.04.19"]

1. d4 Nf6 2. g4 Nxg4 3. e4 d6 4. h3 Nf6 5. Nc3 e5 6. dxe5 dxe5 7. Qxd8+ Kxd8 8.
Be3 Nbd7 9. O-O-O a6 10. Nf3 Ke8 11. Rg1 Rg8 12. Bc4 Bd6 13. a4 Nf8 14. Bg5 N8d7
15. Nh4 h6 16. Bd2 Nc5 17. f4 Nfxe4 18. fxe5 Nxd2 19. Kxd2 Be7 20. Rdf1 Be6 21.
Bxe6 fxe6 22. Ng6 Nd7 23. Ke2 Bc5 24. Rg3 Bd4 25. Ne4 Nxe5 26. c3 Nxg6 27. Rxg6
Bxc3 28. bxc3 Ke7 29. Nc5 Kd6 30. Nxb7+ 1-0

[Event "Sunway Sitges Online Open"]
[Site "chess.com INT"]
[Date "2020.04.27"]
[Round "9.47"]
[White "Prigodin, Ruslan"]
[Black "Al Mutlaq, Ibrahim A"]
[Result "1-0"]
[WhiteElo "2036"]
[BlackElo "1560"]
[WhiteFideId "12801550"]
[BlackFideId "21504610"]
[EventDate "2020.04.19"]

1. d4 Nf6 2. c4 g6 3. Nc3 Bg7 4. e4 d6 5. Nf3 O-O 6. h3 e5 7. d5 Nbd7 8. Be3 Nc5
9. Nd2 a5 10. g4 c6 11. Be2 cxd5 12. cxd5 b6 13. h4 Ba6 14. Bxa6 Rxa6 15. Qe2
Qc8 16. f3 h5 17. g5 Ne8 18. Nb5 f5 19. gxf6 Rxf6 20. Bg5 Rf7 21. Qc4 Qd7 22.
Ke2 Ra8 23. a3 Rc8 24. Nc3 Nc7 25. b4 b5 26. Qa2 Na4 27. Rac1 axb4 28. axb4 Ra8
29. Qc2 Na6 30. Na2 Nb6 31. Qc6 Rb8 32. Qxd7 Rxd7 33. Rc6 Bf8 34. Be3 Rdb7 35.
Nb3 Rc7 36. Rhc1 Nc4 37. Rxa6 Rbc8 38. Bg5 Kf7 39. Na5 Nxa5 40. Rxc7+ Rxc7 41.
Rxa5 Be7 42. Bxe7 Kxe7 43. Kd3 g5 44. hxg5 h4 45. Nc3 Kf7 46. Nxb5 Rc1 47. Nxd6+
Kg6 48. Nf5 h3 49. Ra6+ Kxg5 50. Rh6 Rh1 51. Ke3 h2 52. Kf2 Kf4 53. Rh4+ Kg5 54.
Kg2 Rb1 55. Kxh2 Rxb4 56. Rg4+ Kf6 57. Rg2 Rb3 58. Kg3 Rd3 59. Ra2 Rd1 60. Ra6+
Kg5 61. Re6 Rg1+ 62. Kf2 Rd1 63. Ne3 Rd2+ 64. Kg3 Re2 65. Rxe5+ Kf6 66. Ng4+ Kf7
67. d6 Rd2 68. Re7+ Kf8 69. e5 Rd5 70. Kf4 Rd4+ 71. Kf5 Ra4 72. Rb7 Ra5 73. Ke6 1-0

[Event "Sunway Sitges Online Open"]
[Site "chess.com INT"]
[Date "2020.04.27"]
[Round "9.48"]
[White "Perez Estevez, Sergio"]
[Black "Brodtkorb, Lars Johan"]
[Result "1-0"]
[WhiteElo "1508"]
[BlackElo "2167"]
[WhiteFideId "54552311"]
[BlackFideId "1522728"]
[EventDate "2020.04.19"]

1. d4 Nf6 2. Nf3 d5 3. Bg5 Ne4 4. Bf4 Bf5 5. e3 e6 6. Bd3 Bd6 7. Bxd6 Qxd6 8.
O-O Nc6 9. c3 h6 10. Qc2 O-O 11. Nbd2 Nxd2 12. Nxd2 Bxd3 13. Qxd3 e5 14. dxe5
Nxe5 15. Qe2 c5 16. Rfd1 Rfd8 17. Nf3 Nc6 18. h3 Qe6 19. Rd2 a6 20. Rad1 g6 21.
Ne1 c4 22. Nc2 Ne5 23. Nd4 Qf6 24. Nf3 Nd3 25. Ne1 Nxe1 26. Qxe1 b5 27. Rxd5
Rxd5 28. Rxd5 Re8 29. Qd2 Re6 30. Rd8+ Kg7 31. Qd4 h5 32. Qxf6+ Kxf6 33. Kf1 Rb6
34. Ra8 Ke5 35. Ke2 Rd6 36. Ra7 f5 37. g3 Kf6 38. b3 cxb3 39. axb3 Ke5 40. c4
bxc4 41. bxc4 Kf6 42. f3 Ke5 43. Rb7 Ke6 44. Rg7 Kf6 45. Rb7 Ke6 46. h4 Ke5 47.
Rb1 Ke6 48. Rd1 Rb6 49. Kd3 Kd6 50. Kd4 Kc6 51. Ra1 Kb7 52. e4 fxe4 53. fxe4 Rb2
54. e5 Rd2+ 55. Kc5 Re2 56. Kd6 Rd2+ 57. Ke7 Rd3 58. e6 Rxg3 59. Kd7 Rd3+ 60.
Ke8 Rd4 61. e7 Rxh4 62. Kf7 Rf4+ 63. Kxg6 Re4 64. Kf6 Kb6 65. c5+ Kb5 66. c6 Kb6
67. Kf7 Kxc6 68. Rxa6+ Kd7 69. Ra7+ Kd6 70. e8=Q 1-0

[Event "Sunway Sitges Online Open"]
[Site "chess.com INT"]
[Date "2020.04.27"]
[Round "9.49"]
[White "Pevar, Andrew"]
[Black "Martin Barcelo, Carles"]
[Result "0-1"]
[WhiteElo "1868"]
[BlackElo "2231"]
[WhiteFideId "219789"]
[BlackFideId "24561444"]
[EventDate "2020.04.19"]

1. Nf3 Nf6 2. c4 g6 3. g3 Bg7 4. Bg2 O-O 5. O-O d6 6. Nc3 Nc6 7. d3 e5 8. Rb1 a5
9. a3 Re8 10. b4 axb4 11. axb4 e4 12. dxe4 Nxe4 13. Nxe4 Rxe4 14. Nd2 Re8 15.
Bb2 Ne5 16. Qb3 h5 17. Ra1 Rxa1 18. Rxa1 Nc6 19. e3 Qe7 20. Bxg7 Kxg7 21. Nf3
Qf6 22. Ra8 Bd7 23. Rxe8 Bxe8 24. b5 Qa1+ 25. Bf1 Na5 26. Qd3 Qf6 27. Nd4 Bd7
28. h4 b6 29. Bg2 Bc8 30. Bd5 Bb7 31. Qe4 Bxd5 32. Qxd5 Qe5 33. Nc6 Qxd5 34.
cxd5 Nxc6 35. dxc6 Kf6 36. f4 Kf5 37. Kf2 Ke4 38. Ke2 f5 39. Kd2 d5 40. Ke2 d4
41. exd4 Kxd4 42. Kd2 Kc4 0-1

[Event "Sunway Sitges Online Open"]
[Site "chess.com INT"]
[Date "2020.04.27"]
[Round "9.50"]
[White "Milikow, Elie"]
[Black "Muzzi, Eduardo"]
[Result "1/2-1/2"]
[WhiteTitle "CM"]
[BlackTitle "CM"]
[WhiteElo "2198"]
[BlackElo "1906"]
[WhiteFideId "371281868"]
[BlackFideId "3001253"]
[EventDate "2020.04.19"]

1. e4 e6 2. d4 d5 3. Nd2 Nf6 4. e5 Nfd7 5. Bd3 c5 6. c3 Nc6 7. Ne2 cxd4 8. cxd4
f6 9. exf6 Nxf6 10. Nf3 Bd6 11. O-O Qc7 12. Nc3 a6 13. Bg5 O-O 14. Bh4 Bd7 15.
Re1 Rae8 16. Bg3 Bxg3 17. hxg3 Kh8 18. Qd2 e5 19. dxe5 Nxe5 20. Rxe5 Rxe5 21.
Qf4 Rfe8 22. Nxe5 Qxe5 23. Qxe5 Rxe5 24. f3 Bc6 25. Kf2 Kg8 26. Re1 Rxe1 27.
Kxe1 Kf8 28. Kf2 Ke7 29. Ke3 Kd6 30. Kd4 h6 1/2-1/2

[Event "Sunway Sitges Online Open"]
[Site "chess.com INT"]
[Date "2020.04.27"]
[Round "9.51"]
[White "Tanenbaum, Zachary"]
[Black "Bail, Ellen Larissa"]
[Result "1-0"]
[WhiteElo "2137"]
[BlackElo "1848"]
[WhiteFideId "2060850"]
[BlackFideId "2142171"]
[EventDate "2020.04.19"]

1. e4 e6 2. d4 d5 3. Nc3 Nf6 4. Bg5 dxe4 5. Nxe4 Be7 6. Bxf6 Bxf6 7. Nf3 Be7 8.
Bd3 Nd7 9. Qe2 O-O 10. O-O-O c5 11. dxc5 Qa5 12. Kb1 Nxc5 13. Nxc5 Qxc5 14. h4
g6 15. h5 Bf6 16. c3 b5 17. Qe4 Bd7 18. Qf4 Bg7 19. hxg6 hxg6 20. Ng5 Bc6 21.
Rh7 Qe5 22. Qh4 Rfd8 23. Rh8+ Bxh8 24. Qh7+ 1-0

[Event "Sunway Sitges Online Open"]
[Site "chess.com INT"]
[Date "2020.04.27"]
[Round "9.52"]
[White "McKennis, Darren"]
[Black "Berke, Ana"]
[Result "0-1"]
[BlackTitle "WIM"]
[WhiteElo "1735"]
[BlackElo "2090"]
[WhiteFideId "7402872"]
[BlackFideId "14510359"]
[EventDate "2020.04.19"]

1. d4 Nf6 2. c4 e6 3. Nc3 Bb4 4. Qc2 c5 5. dxc5 Bxc5 6. Nf3 Qc7 7. e3 a6 8. a3
b6 9. Bd3 Bb7 10. O-O Bxf3 11. gxf3 Nc6 12. b4 Be7 13. Bb2 Ne5 14. f4 Nxc4 15.
Ne4 b5 16. Nxf6+ gxf6 17. Bxh7 Rxh7 18. Qxh7 Nxb2 19. Qh8+ Bf8 20. Qxf6 Nc4 21.
Rfd1 Qc6 22. Qd4 Rc8 23. Rac1 Ke7 24. f5 e5 25. Qh4+ Ke8 26. Rd3 Qf3 27. f6 Rc6
28. a4 Nxe3 0-1

[Event "Sunway Sitges Online Open"]
[Site "chess.com INT"]
[Date "2020.04.27"]
[Round "9.53"]
[White "Jordan, Valence"]
[Black "Wang, Shanshan"]
[Result "1-0"]
[WhiteElo "1760"]
[BlackElo "2075"]
[WhiteFideId "7404611"]
[BlackFideId "8605262"]
[EventDate "2020.04.19"]

1. d4 Nf6 2. c4 g6 3. f3 d5 4. cxd5 Nxd5 5. e4 Nb6 6. Nc3 Bg7 7. Be3 Nc6 8. Bb5
a6 9. Bxc6+ bxc6 10. Nge2 O-O 11. O-O a5 12. Qc1 Nc4 13. Bf2 Ba6 14. Rd1 Qb8 15.
b3 Nb6 16. Qc2 c5 17. dxc5 Bxe2 18. Nxe2 Bxa1 19. cxb6 Bf6 20. bxc7 Qb7 21. Nf4
e6 22. Qc5 Rfc8 23. Rd7 Qb4 24. Qc6 Qc3 25. Qxc3 Bxc3 26. Nd3 Kg7 27. Bh4 e5 28.
Kf1 Bd4 29. Bd8 Ra7 30. Ke2 Kg8 31. Re7 f6 32. Re8+ Kf7 33. Rh8 Bb6 34. Rxh7+
Kg8 35. Rd7 Bxc7 36. Bxf6 Ra6 37. Bxe5 Bxe5 38. Nxe5 Rc2+ 39. Rd2 Rc1 40. Kf2
Kg7 41. Kg3 Kf6 42. Ng4+ Ke6 43. Kf4 Rc5 44. e5 Rac6 45. Rd8 Rc2 46. g3 Rxa2 47.
Kg5 Rb2 48. f4 Rxb3 49. Nf6 a4 50. Kxg6 a3 51. Re8# 1-0

[Event "Sunway Sitges Online Open"]
[Site "chess.com INT"]
[Date "2020.04.27"]
[Round "9.54"]
[White "Adireddy, Arjun"]
[Black "Bojanic, Denis"]
[Result "1-0"]
[WhiteElo "1658"]
[BlackElo "2011"]
[WhiteFideId "25647709"]
[BlackFideId "906816"]
[EventDate "2020.04.19"]

1. e4 Nf6 2. e5 Nd5 3. d4 d6 4. Nf3 dxe5 5. Nxe5 c6 6. Be2 Nd7 7. Nf3 g6 8. c4
Nc7 9. Nc3 Bg7 10. Be3 O-O 11. Qd2 e5 12. d5 cxd5 13. cxd5 Nb6 14. d6 Ne6 15.
Nb5 Bd7 16. a4 Bc6 17. O-O Nd5 18. Bc4 Ndf4 19. Bxe6 fxe6 20. Bxf4 Rxf4 21. Nc7
Bxf3 22. gxf3 Bh6 23. Qd1 Rd4 24. Qb3 Qh4 25. Qxe6+ Kh8 26. Nxa8 Bf4 27. Qe8+ 1-0

[Event "Sunway Sitges Online Open"]
[Site "chess.com INT"]
[Date "2020.04.27"]
[Round "9.55"]
[White "Aarav Dengla"]
[Black "Amburgy, Ryan"]
[Result "1-0"]
[WhiteElo "2010"]
[BlackElo "1846"]
[WhiteFideId "45059756"]
[BlackFideId "30924820"]
[EventDate "2020.04.19"]

1. e4 e5 2. Nf3 Nc6 3. Bb5 a6 4. Ba4 Nf6 5. O-O Be7 6. Re1 b5 7. Bb3 d6 8. c3
O-O 9. h3 Bb7 10. d4 Re8 11. Ng5 Rf8 12. Nf3 Re8 13. d5 Nb8 14. Nbd2 Bf8 15. Nf1
g6 16. a4 Nbd7 17. N3h2 c6 18. dxc6 Bxc6 19. Bc2 Nc5 20. Bg5 h6 21. Bxf6 Qxf6
22. Ng4 Qg5 23. Qd2 Qxd2 24. Nxd2 Bg7 25. axb5 axb5 26. Ne3 Rxa1 27. Rxa1 Ra8
28. Rxa8+ Bxa8 29. b4 Ne6 30. Bd3 Bc6 31. f3 h5 32. c4 Bh6 33. Kf2 Nd4 34. cxb5
Nxb5 35. Nb1 Kf8 36. Bxb5 Bxb5 37. Nc3 Bxe3+ 38. Kxe3 Bc6 39. g4 Ke7 40. h4 Kd7
41. gxh5 gxh5 42. b5 Bb7 43. Ne2 d5 44. Ng3 d4+ 45. Kd3 Kd6 46. Nxh5 f5 47. Ng3
fxe4+ 48. fxe4 Bc8 49. Nf5+ Kc5 50. h5 Be6 51. Ne7 Ba2 52. Kc2 1-0

[Event "Sunway Sitges Online Open"]
[Site "chess.com INT"]
[Date "2020.04.27"]
[Round "9.56"]
[White "De Souza Sa, Apolo"]
[Black "Ishvi, Aggarwal"]
[Result "1/2-1/2"]
[WhiteElo "1920"]
[BlackElo "1840"]
[WhiteFideId "324225390"]
[BlackFideId "25728890"]
[EventDate "2020.04.19"]

1. d4 d5 2. c4 e6 3. Nf3 Nf6 4. Bg5 Be7 5. Nc3 Nbd7 6. e3 O-O 7. Qc2 h6 8. cxd5
Nxd5 9. Nxd5 hxg5 10. Nxe7+ Qxe7 11. Qxc7 b6 12. Bd3 g4 13. Nd2 e5 14. dxe5 Qxe5
15. Qxe5 Nxe5 16. Be4 Rb8 17. O-O Rd8 18. Nb3 f5 19. Bc2 Ba6 20. Rfd1 g6 21. Nd4
Rbc8 22. Bb3+ Kh7 23. a4 Nd3 24. Be6 Ra8 25. Rdb1 Nc5 26. b4 Nd3 27. Rb3 Ne5 28.
Rc3 Bc8 29. Rc7+ Kh6 30. Bb3 Nd3 31. b5 Nc5 32. Rc1 Rd7 33. R1xc5 bxc5 34. Rxc5
Bb7 35. Be6 Rh7 36. a5 Rd8 37. f3 gxf3 38. gxf3 Re7 39. Kf2 Rxd4 40. exd4 Rxe6
41. Rc7 Bd5 42. Rxa7 Bc4 43. b6 f4 44. b7 Re2+ 45. Kg1 Re1+ 46. Kf2 Re2+ 47. Kg1
Re1+ 48. Kf2 Re2+ 1/2-1/2

[Event "Sunway Sitges Online Open"]
[Site "chess.com INT"]
[Date "2020.04.27"]
[Round "9.57"]
[White "Sreyas, Payyappat"]
[Black "Shatil, Shir"]
[Result "0-1"]
[WhiteElo "2156"]
[BlackElo "1796"]
[WhiteFideId "46674969"]
[BlackFideId "2828278"]
[EventDate "2020.04.19"]

1. e4 e6 2. d4 d5 3. Nc3 Nf6 4. e5 Nfd7 5. f4 c5 6. Nf3 Nc6 7. Be3 a6 8. a4 cxd4
9. Nxd4 Bc5 10. Nxc6 bxc6 11. Bxc5 Nxc5 12. b4 Nd7 13. Qd2 O-O 14. a5 f6 15. Be2
fxe5 16. O-O exf4 17. Rxf4 Rxf4 18. Qxf4 e5 19. Qf3 Nf6 20. h3 Qe7 21. Na2 Bb7
22. Qb3 Kh8 23. c4 Rb8 24. Nc3 d4 25. Na4 Bc8 26. Nb6 e4 27. Re1 Be6 28. Qg3 Rd8
29. c5 d3 30. Bd1 Bg8 31. Qe3 Qe5 32. Qd2 Qd4+ 33. Kh1 Re8 34. Re3 Nd5 35. Nxd5
cxd5 36. Bg4 Be6 37. Be2 Qa1+ 38. Bd1 Bd7 39. Re1 Qf6 40. Bb3 d4 41. Bc4 Re7 42.
Qd1 Qg5 43. Rf1 Re8 44. Bxa6 Qd5 45. Qc1 h6 46. Bc4 Qg5 47. Qxg5 hxg5 48. b5 Be6
49. Bxe6 Rxe6 50. a6 Re8 51. b6 e3 52. a7 e2 53. Rg1 d2 54. b7 d1=Q 55. b8=Q
Qxg1+ 56. Kxg1 e1=Q+ 57. Kh2 Qe4 58. Kg3 Qa8 59. Qxa8 Rxa8 60. Kf3 d3 61. Ke3
Rxa7 62. Kxd3 Ra4 63. Ke3 Kh7 64. Kd3 Kg6 0-1

[Event "Sunway Sitges Online Open"]
[Site "chess.com INT"]
[Date "2020.04.27"]
[Round "9.58"]
[White "Saravana, Vedant Kumar"]
[Black "Kardoeus, David"]
[Result "0-1"]
[WhiteElo "1735"]
[BlackElo "2197"]
[WhiteFideId "45059730"]
[BlackFideId "12912050"]
[EventDate "2020.04.19"]

1. e4 c5 2. Nf3 d6 3. d4 cxd4 4. Nxd4 Nf6 5. Nc3 e5 6. Nf3 a6 7. Bc4 b5 8. Bd5
Nxd5 9. Qxd5 Ra7 10. Be3 Be6 11. Qd2 Rb7 12. Nd5 Nc6 13. a3 Ne7 14. Nxe7 Bxe7
15. O-O O-O 16. Rfd1 Rd7 17. h3 Qa8 18. Qd3 Bc4 19. Qc3 Qxe4 20. b3 Be6 21. Rd2
Bxh3 22. Re1 Bxg2 23. Nxe5 dxe5 24. Rxd7 Bh3 25. f3 Qg6+ 26. Bg5 Qxg5+ 27. Kf2
Qg2+ 28. Ke3 Bg5+ 29. f4 Bxf4+ 30. Kd3 Qf3+ 31. Re3 Qxe3# 0-1

[Event "Sunway Sitges Online Open"]
[Site "chess.com INT"]
[Date "2020.04.27"]
[Round "9.59"]
[White "Borchert, Stephan"]
[Black "Koolen, Tom"]
[Result "1-0"]
[WhiteElo "2077"]
[BlackElo "1503"]
[WhiteFideId "16212746"]
[BlackFideId "1054163"]
[EventDate "2020.04.19"]

1. e4 e5 2. Nf3 Nc6 3. Bb5 Nf6 4. d3 d6 5. h3 Be7 6. Nbd2 h6 7. g4 a6 8. Ba4 b5
9. Bb3 Be6 10. Nf1 d5 11. exd5 Nxd5 12. Ng3 Bb4+ 13. c3 Nxc3 14. bxc3 Bxc3+ 15.
Bd2 Bxa1 16. Qxa1 Bxb3 17. axb3 O-O 18. O-O Qxd3 19. Be3 Qxb3 20. Nf5 f6 21. Qc1
Qc4 22. Qb1 Kf7 23. N3h4 e4 24. Rc1 Qb4 25. Qa2+ Ke8 26. Qe6+ 1-0

[Event "Sunway Sitges Online Open"]
[Site "chess.com INT"]
[Date "2020.04.27"]
[Round "9.74"]
[White "Dhanesh, Venkata Narayanaswamy"]
[Black "Jensen-Lynch, Jonathan"]
[Result "1-0"]
[WhiteElo "1212"]
[BlackElo "1590"]
[WhiteFideId "5829453"]
[BlackFideId "2617900"]
[EventDate "2020.04.19"]

1. Nf3 d6 2. g3 e5 3. d3 Nf6 4. Bg2 Be7 5. e4 Bg4 6. O-O Qd7 7. c3 Bh3 8. Nbd2
Bxg2 9. Kxg2 Nc6 10. a4 a5 11. Nc4 h6 12. Re1 O-O-O 13. Bd2 Ng4 14. b4 axb4 15.
cxb4 d5 16. exd5 Nxb4 17. Bxb4 Bxb4 18. Re4 Bc5 19. Ncxe5 Nxf2 20. Nxd7 Nxd1 21.
Nxc5 Nc3 22. Re7 Rxd5 23. d4 Rf5 24. Rae1 Kb8 25. Rc1 Nd5 26. Re5 Rd8 27. Rce1
Rf6 28. Re8 Rxe8 29. Rxe8+ Ka7 30. Rf8 Ne3+ 31. Kf2 Nd1+ 32. Ke2 Nc3+ 33. Ke3
Nd5+ 34. Kf2 Nc3 35. Re8 g5 36. Ne4 Rc6 37. Nxc3 Rxc3 38. Re3 Rc4 39. Ra3 f6 40.
h3 h5 41. Nd2 Rxd4 42. Ke3 Rd6 43. Ne4 Re6 44. Kd4 b6 45. Rf3 c5+ 46. Kd3 g4 47.
hxg4 hxg4 48. Rxf6 c4+ 49. Kd4 c3 50. Rxe6 1-0

[Event "Sunway Sitges Online Open"]
[Site "chess.com INT"]
[Date "2020.04.27"]
[Round "9.73"]
[White "Balaram Harsha Kallakuri"]
[Black "Kumar, Prajit Sai"]
[Result "0-1"]
[WhiteElo "1238"]
[BlackElo "1637"]
[WhiteFideId "25157051"]
[BlackFideId "1070207"]
[EventDate "2020.04.19"]

1. e4 c5 2. Nf3 d6 3. c3 Nf6 4. Be2 e5 5. O-O Be7 6. d4 exd4 7. cxd4 Nxe4 8.
dxc5 Nxc5 9. Nc3 O-O 10. Bf4 Nc6 11. Nd5 Re8 12. Nxe7+ Rxe7 13. Qxd6 Qxd6 14.
Bxd6 Rxe2 15. Bxc5 Rxb2 16. Rfe1 Be6 17. Rab1 Rxb1 18. Rxb1 Rd8 19. h3 b6 20.
Be3 Bxa2 21. Rc1 Bd5 22. Nd4 Rc8 23. Nxc6 Bxc6 24. Rd1 f6 25. Rd6 Kf7 26. g3 Ke7
27. Rd1 Bf3 0-1

[Event "Sunway Sitges Online Open"]
[Site "chess.com INT"]
[Date "2020.04.27"]
[Round "9.61"]
[White "Sanchez Arevalo, Luis"]
[Black "Bhandari, Neel"]
[Result "1-0"]
[WhiteElo "2019"]
[BlackElo "1412"]
[WhiteFideId "2276950"]
[BlackFideId "5824060"]
[EventDate "2020.04.19"]

1. e4 d5 2. exd5 Qxd5 3. Nc3 Qa5 4. d4 Nf6 5. Bc4 Bg4 6. f3 Bf5 7. Ne2 e6 8. O-O
c6 9. Ng3 Bg6 10. f4 Bd6 11. f5 exf5 12. Qe2+ Kd8 13. Bf4 Re8 14. Qd2 Bxf4 15.
Rxf4 Nh5 16. Nxh5 Bxh5 17. Raf1 Bg6 18. Bxf7 Bxf7 19. Rxf5 Bd5 20. Qg5+ Kc8 21.
Nxd5 cxd5 22. Rxd5 Qa6 23. Rc5+ Nc6 24. d5 Qb6 25. dxc6 bxc6 26. Kh1 Rb8 27.
Qf5+ Kb7 28. Rc3 Ka8 29. h3 Qxb2 30. Rxc6 Rf8 31. Qd3 Rxf1+ 32. Qxf1 Qxa2 33.
Qf3 Qa1+ 34. Kh2 Qe5+ 35. g3 Qb2 36. Rb6+ 1-0

[Event "Sunway Sitges Online Open"]
[Site "chess.com INT"]
[Date "2020.04.27"]
[Round "9.62"]
[White "Pala, Giorgio"]
[Black "Soares, Andre"]
[Result "1-0"]
[WhiteElo "1998"]
[BlackElo "1736"]
[WhiteFideId "852406"]
[BlackFideId "7401132"]
[EventDate "2020.04.19"]

1. c4 d6 2. Nc3 e5 3. Nf3 Nf6 4. d4 Nbd7 5. b3 Be7 6. Bb2 O-O 7. g3 c6 8. Bg2
Re8 9. O-O Bf8 10. e4 exd4 11. Nxd4 Nc5 12. Re1 a5 13. h3 Bd7 14. Qc2 Rb8 15.
Rad1 Qc8 16. Kh2 b5 17. cxb5 cxb5 18. Qb1 b4 19. Nd5 Nxd5 20. exd5 Qa6 21. Nc6
Ra8 22. Rxe8 Rxe8 23. Re1 f6 24. Rxe8 Bxe8 25. Qe1 Bg6 26. Bd4 h6 27. Bxc5 dxc5
28. Qe6+ Kh7 29. d6 Bxd6 30. Qxd6 Qe2 31. Qxc5 Qxa2 32. Bd5 a4 33. Nxb4 Qa3 34.
bxa4 Qxa4 35. Nc6 Qd1 36. Ne7 Bb1 37. Qc8 h5 38. Qg8+ Kh6 39. Qh8+ Bh7 40. Be4
g6 41. h4 Qf1 42. Ng8# 1-0

[Event "Sunway Sitges Online Open"]
[Site "chess.com INT"]
[Date "2020.04.27"]
[Round "9.63"]
[White "Wojtacha, Krzysztof"]
[Black "Rodriguez Avila, Alvaro"]
[Result "1-0"]
[WhiteElo "1528"]
[BlackElo "1868"]
[WhiteFideId "21881529"]
[BlackFideId "24570249"]
[EventDate "2020.04.19"]

1. e4 c5 2. Nf3 g6 3. d4 cxd4 4. Nxd4 Bg7 5. Nc3 Nc6 6. Be3 Nf6 7. f3 O-O 8. Bc4
a6 9. Bb3 Qc7 10. Qd2 b5 11. O-O-O Bb7 12. g4 Na5 13. h4 h5 14. Rdg1 Rfc8 15.
Bh6 Bh8 16. Qg5 Nxb3+ 17. axb3 b4 18. gxh5 Nh7 19. Qg2 bxc3 20. hxg6 cxb2+ 21.
Kb1 Bxd4 22. gxf7+ 1-0